1803 1206 1314 2000 1141 1860 1619 1690 1963 1447 1425 1396 1254 1821 1106 1396 1419 1861 1404 1687 1803 1571 1365 1917 1742 1396 1654 1090 1599 1343 1957 1613 1343 1109 1335 1292 1344 1559 1123 1036 1839 1031 1224 1399 1033 1528 1483 1365 1615 1572 1271 1086 1726 1324 1120 1714 1793 1451 1869 1841 1594 1891 1510 1903 1731 1074 1338 1617 1806 1913 1301 1886 1372 1112 1188 1141 1322 1860 1288 1957 1236 1021 1190 1639 1580 1923 1178 1977 1145 1791 1041 1116 1966 1195 1739 1273 1181 1550 1933 BCNSPRNW ULIB Ver.6.0+V

เปลี่ยนเป็นภาษาไทย

Change to English
 แสดงรายละเอียดบรรณานุกรม
  กลับหน้าหลัก

Brief Record : Get Marc (ISO 2709) : E-mail record : QR code < ปิดหน้าต่าง
LEADER : 00000nam 2200000uu 4500
001    13399108020
003     ULIB
008    110215s2545||||th 000 0 tha d
020    97429482
060  4 QT255^bส823ก 2545
110 1  กระทรวงสาธารณสุข^bกรมการแพทย์^bสถาบันเวชศาสตร์ผู้สูงอายุ
245 00 การออกกำลังกายทั่วไปและเฉพาะโรคผู้สูงอายุ/^cสถาบันเวชศาสตร์ผู้สูงอายุ
260    กรุงเทพฯ:^bสถาบันเวชศาสตร์ผู้สูงอายุ,^c2545
300    226 หน้า:^bภาพประกอบ
650  7 ผู้สูงอายุ^xการออกกำลังกาย
945    ^p0^l0^i018660
945    ^p0^l0^i018658
945    ^p0^l0^i018656
945    ^p0^l0^i018653
945    ^p0^l0^i018654
945    ^p0^l0^i018652
945    ^p0^l0^i018651
945    ^p0^l0^i018659
945    ^p0^l0^i018657
945    ^p0^l0^i018655
945    ^p0^l0^i018650
995    ทศพร
999 ^a ใช้งานได้ทุกระบบ
รายการนี้ยังไม่มีแท็ก
คุณยังไม่ได้ล็อกอิน คุณสามารถมีกิจกรรมร่วมกับเว็บไซต์ได้ แต่ต้องล็อกอินก่อน ::
  ล็อกอิน

รายการสื่อสารสนเทศ

ลำดับที่ ประเภท เลขเรียก/บาร์โค้ด สถานที่ สถานะ
- ไม่พบข้อมูล -

BibComment


ยังไม่เคยถูกคอมเมนท์

คอมเมนท์ทรัพยากรรายการนี้
  คอมเมนท์: การออกกำลังกายทั่..


 Copyright 2026. Bcnsprnw @Library